00529 2200181 4500001002100000005001700021008004100038020001800079035002900097090001600126100001600142245007600158250001000234260003800244300002000282650002100302990002400323INLIS00000000002302920141204121429.0  a979-159-695-6 a##a0010-121400000000024 a303.4 Sug b aSugihastuti aBeatiful E-Mail From KoreabMengungkap Realitas Sosial dan Budaya Korea aCet 1 aYogjakartabCarasvati Booksc2008 a264 hlm ; 19 cm aPerubahan Sosial a23873/pusdacil/2014